| 000 | 00952nam a2200253 i 4500 | ||
|---|---|---|---|
| 001 | 19484 | ||
| 003 | ES-MaACL | ||
| 005 | 20230906152116.0 | ||
| 007 | t| | ||
| 008 | 020903s2002 sp ||||1| spa d | ||
| 020 | _a84-7030-980-3 | ||
| 080 | _a1 Ortega y Gasset, José | ||
| 100 | 1 |
_aRodríguez Huéscar, Antonio. _998579 |
|
| 245 | 1 | 3 |
_aLa innovación metafísica de Ortega _b: crítica y superación del idealismo / _cAntonio Rodríguez Huéscar ; edición al cuidado de Jorge García-Gómez ; prólogo de Javier Muguerza. |
| 260 |
_aMadrid : _bBiblioteca Nueva, _c[2002] |
||
| 300 |
_a189 p. ; _c21 cm. |
||
| 490 | 1 |
_aRazón y sociedad ; _v19 |
|
| 600 | 1 | 4 |
_aOrtega y Gasset, José, _d1883-1955- _xCrítica e interpretación _987505 |
| 700 | 1 |
_aGarcía Gómez, Jorge. _9180620 |
|
| 700 | 1 |
_aMuguerza, Javier. _984074 |
|
| 830 | 0 |
_aRazón y sociedad ; _v19 _9180621 |
|
| 852 |
_aES-MaACL _jL-25923 _bR.131658 |
||
| 999 |
_c19484 _d19484 |
||